1318 1518 1426 1457 1501 1765 1651 1768 1545 1235 1547 1367 1680 1753 1759 1527 1863 1641 1921 1715 1787 1541 1076 1562 1010 1120 1152 1383 1100 1639 1886 1937 1211 1036 1674 1554 1231 1899 1404 1929 1258 1973 1537 1243 1491 1497 1048 1124 1010 1393 1913 1145 1042 1451 1504 1861 1429 1172 1188 1604 1297 1055 1534 1606 1340 1228 1946 1397 1417 1433 1228 1683 1127 1624 1269 1995 1329 1913 1229 1408 1516 1823 1009 1448 1068 1347 1175 1955 1885 1618 1807 1721 1663 2000 1150 1461 1043 1127 1504 BCNSPRNW ULIB Ver.6.0+V

เปลี่ยนเป็นภาษาไทย

Change to English
 แสดงรายละเอียดบรรณานุกรม
  กลับหน้าหลัก

Brief Record : Get Marc (ISO 2709) : E-mail record : QR code < ปิดหน้าต่าง
LEADER : 00000nam 2200000uu 4500
001    13399126588
003     ULIB
008    020711s2560 th a 000 0 tha d
020    ^a9786163660480
050    ^aนว^bน472ช
100    ^aนายตะวัน
245    ^aเชลยรักอินทรีร้าย ซีรีส์ชุดราชสีห์/^cนายตะวัน
260    ^aกรุงเทพฯ :^bแสงจันทร์นวล,^c2560
300    ^a479 หน้า;^b21 ซม.
490 0  ^aราชสีห์ ;^v6
650    ^aนวนิยาย
945    ^p350^l0^i004783
999    ^aประนอม เกษจรัล
รายการนี้ยังไม่มีแท็ก
คุณยังไม่ได้ล็อกอิน คุณสามารถมีกิจกรรมร่วมกับเว็บไซต์ได้ แต่ต้องล็อกอินก่อน ::
  ล็อกอิน

รายการสื่อสารสนเทศ

ลำดับที่ ประเภท เลขเรียก/บาร์โค้ด สถานที่ สถานะ
1. นวนิยาย
นวนิยาย
นว น472ช ฉ.1 
  Barcode: 004783
ห้องสมุดวิทยาเขตสวรรค์ประชารักษ์
►นวนิยาย
บนชั้น
  ขอยืม

รายการใกล้เคียง
    ผู้แต่ง [นายตะวัน]

    หัวเรื่อง [นวนิยาย]

BibComment


ยังไม่เคยถูกคอมเมนท์

คอมเมนท์ทรัพยากรรายการนี้
  คอมเมนท์: เชลยรักอินทรีร้า..


 Copyright 2026. Bcnsprnw @Library